000 01155nam a22002777a 4500
005 20101206113148.0
008 101206t xxu||||| |||| 00| 0 hin d
010 _aHIN-93249
020 _c170.00
_a81902610103
035 _aHN-65595
037 _bDBAD/PUB
040 _aDPL
_bHN
082 _a301.153
100 _924598
_aपाण्डेय, शिवगोविन्द
245 _aगाँधी जी के प्रेरक प्रसंग /
_cशिवगोविन्द पाण्डेय
250 _a2रा संस्क
260 _aइलाहाबाद
_bसर्वेश प्रकाशन
_c2010
270 _bइलाहाबाद
_a1, बाई का बाग
_e3
300 _a120पृ.
_c22सेमी (सजिल्द)
_bसचित्र
650 _91169
650 _929580
700 _924599
700 _924924
942 _2ddc
_cHN
_mपाण्डेय
_h301.153
999 _c53975
_d53975